[Event "DEM U12 2023"]
[Site "Willingen GER"]
[Date "2023.06.03"]
[Round "9"]
[White "Nemitz, Alfred"]
[Black "Shen, Tingrui"]
[Result "1-0"]
[Termination "normal"]
[Board "4"]
[WhiteElo "2079"]
[BlackElo "1801"]
[WhiteClock "00:03:18"]
[BlackClock "00:06:43"]
[PlyCount "147"]
[WhiteFideId "34601791"]
[BlackFideId "34603441"]
[EventCountry "GER"]
[EventRounds "9"]
[EventType "swiss"]
[EventDate "2023.05.27"]

1. d4 {[%clk 01:30:37]} {[%emt 00:00:22]} Nf6 {[%clk 01:30:51]} {[%emt
00:00:11]} 2. Nf3 {[%clk 01:30:59]} {[%emt 00:00:08]} e6 {[%clk 01:30:46]}
{[%emt 00:00:34]} 3. Bg5 {[%clk 01:31:01]} {[%emt 00:00:28]} d5 {[%clk
01:30:03]} {[%emt 00:01:13]} 4. Nbd2 {[%clk 01:31:07]} {[%emt 00:00:23]} Nbd7
{[%clk 01:27:53]} {[%emt 00:02:42]} 5. e3 {[%clk 01:29:16]} {[%emt 00:02:19]}
Be7 {[%clk 01:26:45]} {[%emt 00:01:38]} 6. Bd3 {[%clk 01:29:31]} {[%emt
00:00:14]} h6 {[%clk 01:26:11]} {[%emt 00:01:06]} 7. Bh4 {[%clk 01:29:23]}
{[%emt 00:00:37]} O-O {[%clk 01:23:08]} {[%emt 00:03:34]} 8. c3 {[%clk
01:27:56]} {[%emt 00:01:57]} c5 {[%clk 01:19:40]} {[%emt 00:03:58]} 9. Ne5
{[%clk 01:28:03]} {[%emt 00:00:22]} Re8 {[%clk 01:12:22]} {[%emt 00:07:49]} 10.
f4 {[%clk 01:27:11]} {[%emt 00:01:22]} c4 {[%clk 00:54:15]} {[%emt 00:18:37]}
11. Be2 {[%clk 01:20:58]} {[%emt 00:06:44]} Nh7 {[%clk 00:46:10]} {[%emt
00:08:34]} 12. Bf2 {[%clk 01:16:37]} {[%emt 00:04:46]} Nhf8 {[%clk 00:41:25]}
{[%emt 00:05:21]} 13. O-O {[%clk 01:15:02]} {[%emt 00:02:03]} f6 {[%clk
00:37:22]} {[%emt 00:04:34]} 14. Nef3 {[%clk 01:15:03]} {[%emt 00:00:29]} Bd6
{[%clk 00:30:49]} {[%emt 00:07:02]} 15. b3 {[%clk 01:13:51]} {[%emt 00:01:42]}
b5 {[%clk 00:26:30]} {[%emt 00:04:50]} 16. a4 {[%clk 01:11:37]} {[%emt
00:02:45]} cxb3 {[%clk 00:19:47]} {[%emt 00:07:12]} 17. axb5 {[%clk 01:10:40]}
{[%emt 00:01:26]} b2 {[%clk 00:18:05]} {[%emt 00:02:13]} 18. Ra2 {[%clk
01:09:31]} {[%emt 00:01:39]} Bb7 {[%clk 00:14:36]} {[%emt 00:03:59]} 19. Qb3
{[%clk 01:07:49]} {[%emt 00:02:11]} e5 {[%clk 00:09:35]} {[%emt 00:05:32]} 20.
fxe5 {[%clk 00:58:55]} {[%emt 00:09:24]} fxe5 {[%clk 00:09:50]} {[%emt
00:00:15]} 21. Ne4 {[%clk 00:55:50]} {[%emt 00:03:36]} Bc7 {[%clk 00:09:15]}
{[%emt 00:01:05]} 22. Nc5 {[%clk 00:55:22]} {[%emt 00:00:58]} Nxc5 {[%clk
00:06:54]} {[%emt 00:02:51]} 23. dxc5 {[%clk 00:55:50]} {[%emt 00:00:02]} Kh8
{[%clk 00:05:55]} {[%emt 00:01:28]} 24. Rxb2 {[%clk 00:55:12]} {[%emt
00:01:07]} Ng6 {[%clk 00:05:04]} {[%emt 00:01:22]} 25. Rd2 {[%clk 00:49:49]}
{[%emt 00:05:53]} e4 {[%clk 00:04:01]} {[%emt 00:01:34]} 26. Ne1 {[%clk
00:41:31]} {[%emt 00:08:47]} Qb8 {[%clk 00:01:12]} {[%emt 00:03:20]} 27. h3
{[%clk 00:32:12]} {[%emt 00:09:48]} Ne7 {[%clk 00:01:09]} {[%emt 00:00:34]} 28.
Bg4 {[%clk 00:27:12]} {[%emt 00:05:29]} Bc8 {[%clk 00:00:52]} {[%emt 00:00:47]}
29. c4 {[%clk 00:24:34]} {[%emt 00:03:09]} Bxg4 {[%clk 00:00:46]} {[%emt
00:00:35]} 30. hxg4 {[%clk 00:18:38]} {[%emt 00:06:26]} dxc4 {[%clk 00:01:03]}
{[%emt 00:00:14]} 31. Qxc4 {[%clk 00:18:57]} {[%emt 00:00:11]} Ng6 {[%clk
00:01:26]} {[%emt 00:00:06]} 32. Rd4 {[%clk 00:10:16]} {[%emt 00:09:11]} Ne5
{[%clk 00:01:24]} {[%emt 00:00:32]} 33. Qe2 {[%clk 00:10:45]} {[%emt 00:00:02]}
Ng6 {[%clk 00:01:09]} {[%emt 00:00:45]} 34. g5 {[%clk 00:06:58]} {[%emt
00:04:17]} Re5 {[%clk 00:00:37]} {[%emt 00:01:02]} 35. gxh6 {[%clk 00:06:56]}
{[%emt 00:00:31]} gxh6 {[%clk 00:00:49]} {[%emt 00:00:18]} 36. Qg4 {[%clk
00:04:04]} {[%emt 00:03:21]} Qe8 {[%clk 00:00:37]} {[%emt 00:00:44]} 37. Qh3
{[%clk 00:02:54]} {[%emt 00:01:40]} Kh7 {[%clk 00:00:38]} {[%emt 00:00:29]} 38.
Bg3 {[%clk 00:01:22]} {[%emt 00:02:01]} Re7 {[%clk 00:00:38]} {[%emt 00:00:30]}
39. Bxc7 {[%clk 00:01:00]} {[%emt 00:00:53]} Rxc7 {[%clk 00:01:03]} {[%emt
00:00:04]} 40. Rf5 {[%clk 00:00:41]} {[%emt 00:00:49]} Rd8 {[%clk 00:00:37]}
{[%emt 00:00:56]} 41. Rh5 {[%clk 00:29:28]} {[%emt 00:01:43]} Kg7 {[%clk
00:29:55]} {[%emt 00:01:11]} 42. c6 {[%clk 00:16:30]} {[%emt 00:13:29]} a6
{[%clk 00:25:20]} {[%emt 00:05:05]} 43. Rxh6 {[%clk 00:15:18]} {[%emt
00:01:42]} Rxd4 {[%clk 00:23:17]} {[%emt 00:02:32]} 44. exd4 {[%clk 00:15:34]}
{[%emt 00:00:15]} Qd8 {[%clk 00:23:03]} {[%emt 00:00:42]} 45. Rh7+ {[%clk
00:12:36]} {[%emt 00:03:30]} Kf6 {[%clk 00:23:21]} {[%emt 00:00:12]} 46. Rxc7
{[%clk 00:09:41]} {[%emt 00:03:25]} Qxc7 {[%clk 00:23:44]} {[%emt 00:00:08]}
47. bxa6 {[%clk 00:06:25]} {[%emt 00:03:46]} Qxc6 {[%clk 00:23:28]} {[%emt
00:00:42]} 48. a7 {[%clk 00:06:11]} {[%emt 00:00:48]} Qa4 {[%clk 00:22:33]}
{[%emt 00:01:24]} 49. Qe3 {[%clk 00:01:16]} {[%emt 00:05:25]} Qxa7 {[%clk
00:22:18]} {[%emt 00:00:46]} 50. Qxe4 {[%clk 00:01:45]} {[%emt 00:00:01]} Qc7
{[%clk 00:19:57]} {[%emt 00:02:50]} 51. Nf3 {[%clk 00:01:54]} {[%emt 00:00:21]}
Qd6 {[%clk 00:19:31]} {[%emt 00:00:55]} 52. Kf2 {[%clk 00:02:08]} {[%emt
00:00:16]} Qc7 {[%clk 00:17:45]} {[%emt 00:02:16]} 53. Ne5 {[%clk 00:00:57]}
{[%emt 00:01:43]} Ne7 {[%clk 00:15:02]} {[%emt 00:03:08]} 54. Ng4+ {[%clk
00:00:42]} {[%emt 00:00:50]} Kf7 {[%clk 00:14:55]} {[%emt 00:00:36]} 55. Ne5+
{[%clk 00:00:48]} {[%emt 00:00:26]} Kf6 {[%clk 00:15:03]} {[%emt 00:00:21]} 56.
Qf4+ {[%clk 00:01:07]} {[%emt 00:00:11]} Ke6 {[%clk 00:14:58]} {[%emt
00:00:35]} 57. Qf7+ {[%clk 00:00:48]} {[%emt 00:00:50]} Kd6 {[%clk 00:15:13]}
{[%emt 00:00:15]} 58. Nc4+ {[%clk 00:01:02]} {[%emt 00:00:16]} Kd7 {[%clk
00:15:03]} {[%emt 00:00:40]} 59. Ne3 {[%clk 00:01:28]} {[%emt 00:00:03]} Qc6
{[%clk 00:14:44]} {[%emt 00:00:49]} 60. g4 {[%clk 00:00:47]} {[%emt 00:01:12]}
Qd6 {[%clk 00:14:33]} {[%emt 00:00:40]} 61. Nf5 {[%clk 00:00:32]} {[%emt
00:00:47]} Qf4+ {[%clk 00:14:09]} {[%emt 00:00:54]} 62. Ke1 {[%clk 00:01:01]}
Qe4+ {[%clk 00:13:53]} {[%emt 00:00:45]} 63. Kd2 {[%clk 00:01:21]} {[%emt
00:00:10]} Qf4+ {[%clk 00:13:32]} {[%emt 00:00:51]} 64. Kc3 {[%clk 00:01:02]}
{[%emt 00:00:48]} Qc1+ {[%clk 00:13:51]} {[%emt 00:00:11]} 65. Kd3 {[%clk
00:01:25]} {[%emt 00:00:05]} Qb1+ {[%clk 00:14:03]} {[%emt 00:00:21]} 66. Ke3
{[%clk 00:01:31]} {[%emt 00:00:22]} Qe1+ {[%clk 00:13:27]} {[%emt 00:01:06]}
67. Kf4 {[%clk 00:01:40]} {[%emt 00:00:21]} Qd2+ {[%clk 00:13:41]} {[%emt
00:00:17]} 68. Ke5 {[%clk 00:00:48]} {[%emt 00:01:23]} Qh2+ {[%clk 00:06:21]}
{[%emt 00:07:49]} 69. Kf6 {[%clk 00:01:12]} {[%emt 00:00:06]} Qh8+ {[%clk
00:06:13]} {[%emt 00:00:38]} 70. Kg5 {[%clk 00:01:40]} {[%emt 00:00:02]} Qg8+
{[%clk 00:05:47]} {[%emt 00:00:56]} 71. Qxg8 {[%clk 00:02:09]} {[%emt
00:00:02]} Nxg8 {[%clk 00:06:05]} {[%emt 00:00:12]} 72. d5 {[%clk 00:02:33]}
{[%emt 00:00:06]} Ke8 {[%clk 00:06:24]} {[%emt 00:00:11]} 73. Kg6 {[%clk
00:02:58]} {[%emt 00:00:06]} Kf8 {[%clk 00:06:43]} {[%emt 00:00:11]} 74. d6
{[%clk 00:03:18]} {[%emt 00:00:10]} 1-0

[Event "DEM U12 2023"]
[Site "Willingen GER"]
[Date "2023.06.03"]
[Round "9"]
[White "Mukazhanov, Mansur"]
[Black "Krüger, Moritz"]
[Result "1-0"]
[Termination "normal"]
[Board "5"]
[WhiteElo "1563"]
[BlackElo "1582"]
[WhiteClock "01:07:21"]
[BlackClock "01:30:46"]
[PlyCount "71"]
[WhiteFideId "13752324"]
[BlackFideId "34608923"]
[EventCountry "GER"]
[EventRounds "9"]
[EventType "swiss"]
[EventDate "2023.05.27"]

1. e4 {[%clk 01:30:43]} {[%emt 00:00:15]} c5 {[%clk 01:30:41]} {[%emt
00:00:20]} 2. Nf3 {[%clk 01:31:07]} {[%emt 00:00:07]} d6 {[%clk 01:30:58]}
{[%emt 00:00:13]} 3. Bb5+ {[%clk 01:30:41]} {[%emt 00:00:55]} Bd7 {[%clk
01:31:21]} {[%emt 00:00:08]} 4. Bxd7+ {[%clk 01:31:06]} {[%emt 00:00:05]} Nxd7
{[%clk 01:31:46]} {[%emt 00:00:04]} 5. O-O {[%clk 01:31:11]} {[%emt 00:00:26]}
Ngf6 {[%clk 01:32:06]} {[%emt 00:00:09]} 6. Re1 {[%clk 01:31:23]} {[%emt
00:00:18]} e6 {[%clk 01:32:14]} {[%emt 00:00:21]} 7. d4 {[%clk 01:27:23]}
{[%emt 00:04:31]} cxd4 {[%clk 01:32:24]} {[%emt 00:00:21]} 8. Nxd4 {[%clk
01:27:37]} {[%emt 00:00:14]} Be7 {[%clk 01:32:05]} {[%emt 00:00:50]} 9. Nc3
{[%clk 01:27:11]} {[%emt 00:00:57]} a6 {[%clk 01:32:26]} {[%emt 00:00:09]} 10.
Nf3 {[%clk 01:26:27]} {[%emt 00:01:13]} Nb6 {[%clk 01:32:14]} {[%emt 00:00:41]}
11. b3 {[%clk 01:25:38]} {[%emt 00:01:21]} O-O {[%clk 01:32:28]} {[%emt
00:00:15]} 12. Bb2 {[%clk 01:25:48]} {[%emt 00:00:20]} d5 {[%clk 01:32:42]}
{[%emt 00:00:16]} 13. exd5 {[%clk 01:26:05]} {[%emt 00:00:13]} Nbxd5 {[%clk
01:33:04]} {[%emt 00:00:08]} 14. Nxd5 {[%clk 01:26:27]} {[%emt 00:00:09]} Nxd5
{[%clk 01:33:27]} {[%emt 00:00:07]} 15. c4 {[%clk 01:26:47]} {[%emt 00:00:11]}
Nf6 {[%clk 01:33:45]} {[%emt 00:00:10]} 16. Qc2 {[%clk 01:27:03]} {[%emt
00:00:15]} Qc7 {[%clk 01:34:08]} {[%emt 00:00:07]} 17. h3 {[%clk 01:27:22]}
{[%emt 00:00:11]} h6 {[%clk 01:34:18]} {[%emt 00:00:19]} 18. Rad1 {[%clk
01:25:14]} {[%emt 00:02:38]} Rad8 {[%clk 01:34:39]} {[%emt 00:00:09]} 19. a3
{[%clk 01:25:23]} {[%emt 00:00:20]} Rxd1 {[%clk 01:34:23]} {[%emt 00:00:47]}
20. Rxd1 {[%clk 01:25:37]} {[%emt 00:00:16]} Rd8 {[%clk 01:34:48]} {[%emt
00:00:05]} 21. Rxd8+ {[%clk 01:22:29]} {[%emt 00:03:39]} Qxd8 {[%clk 01:33:49]}
{[%emt 00:01:28]} 22. b4 {[%clk 01:22:46]} {[%emt 00:00:14]} Kf8 {[%clk
01:33:42]} {[%emt 00:00:35]} 23. Kf1 {[%clk 01:22:54]} {[%emt 00:00:23]} Qc7
{[%clk 01:33:25]} {[%emt 00:00:48]} 24. Ke2 {[%clk 01:22:49]} {[%emt 00:00:34]}
a5 {[%clk 01:33:25]} {[%emt 00:00:25]} 25. c5 {[%clk 01:22:31]} {[%emt
00:00:54]} b6 {[%clk 01:33:20]} {[%emt 00:00:32]} 26. Bd4 {[%clk 01:20:58]}
{[%emt 00:02:05]} axb4 {[%clk 01:33:12]} {[%emt 00:00:39]} 27. axb4 {[%clk
01:21:19]} {[%emt 00:00:08]} Nd7 {[%clk 01:33:16]} {[%emt 00:00:22]} 28. Qc3
{[%clk 01:21:10]} {[%emt 00:00:44]} Bf6 {[%clk 01:33:07]} {[%emt 00:00:38]} 29.
Bxf6 {[%clk 01:20:36]} {[%emt 00:01:05]} Nxf6 {[%clk 01:33:20]} {[%emt
00:00:17]} 30. Qc4 {[%clk 01:09:37]} {[%emt 00:11:29]} bxc5 {[%clk 01:32:31]}
{[%emt 00:01:19]} 31. bxc5 {[%clk 01:09:33]} {[%emt 00:00:34]} Nd7 {[%clk
01:32:30]} {[%emt 00:00:28]} 32. c6 {[%clk 01:09:44]} {[%emt 00:00:22]} Nb8
{[%clk 01:32:03]} {[%emt 00:00:55]} 33. Nd4 {[%clk 01:07:23]} {[%emt 00:02:52]}
e5 {[%clk 01:31:45]} {[%emt 00:00:47]} 34. Qc5+ {[%clk 01:07:39]} {[%emt
00:00:16]} Kg8 {[%clk 01:30:26]} {[%emt 00:01:48]} 35. Nf5 {[%clk 01:07:01]}
{[%emt 00:01:08]} Nxc6 {[%clk 01:30:46]} {[%emt 00:00:10]} 36. Qxc6 {[%clk
01:07:21]} {[%emt 00:00:10]} 1-0

[Event "DEM U12 2023"]
[Site "Willingen GER"]
[Date "2023.06.03"]
[Round "9"]
[White "Bundan, Edward"]
[Black "Mohylnyi, Stepan"]
[Result "0-1"]
[Termination "normal"]
[Board "6"]
[WhiteElo "1338"]
[BlackElo "2073"]
[WhiteClock "00:13:55"]
[BlackClock "00:36:35"]
[PlyCount "80"]
[WhiteFideId "34603042"]
[BlackFideId "34127836"]
[EventCountry "GER"]
[EventRounds "9"]
[EventType "swiss"]
[EventDate "2023.05.27"]

1. e4 {[%clk 01:30:59]} {[%emt 00:00:01]} e6 {[%clk 01:30:51]} {[%emt
00:00:09]} 2. Nc3 {[%clk 01:31:21]} {[%emt 00:00:08]} d5 {[%clk 01:31:13]}
{[%emt 00:00:08]} 3. Nf3 {[%clk 01:31:37]} {[%emt 00:00:14]} d4 {[%clk
01:29:49]} {[%emt 00:01:54]} 4. Ne2 {[%clk 01:31:52]} {[%emt 00:00:14]} c5
{[%clk 01:30:14]} {[%emt 00:00:05]} 5. c3 {[%clk 01:31:58]} {[%emt 00:00:24]}
Nc6 {[%clk 01:29:39]} {[%emt 00:01:05]} 6. cxd4 {[%clk 01:30:28]} {[%emt
00:02:00]} cxd4 {[%clk 01:29:56]} {[%emt 00:00:14]} 7. d3 {[%clk 01:24:47]}
{[%emt 00:06:10]} e5 {[%clk 01:29:39]} {[%emt 00:00:47]} 8. Ng3 {[%clk
01:21:59]} {[%emt 00:03:18]} h6 {[%clk 01:17:00]} {[%emt 00:13:09]} 9. Be2
{[%clk 01:19:39]} {[%emt 00:02:50]} Be6 {[%clk 01:15:40]} {[%emt 00:01:49]} 10.
O-O {[%clk 01:17:33]} {[%emt 00:02:36]} Nge7 {[%clk 01:14:34]} {[%emt
00:01:37]} 11. Ne1 {[%clk 01:10:04]} {[%emt 00:07:58]} g6 {[%clk 01:08:03]}
{[%emt 00:07:02]} 12. f4 {[%clk 01:06:29]} {[%emt 00:04:04]} exf4 {[%clk
01:07:29]} {[%emt 00:01:05]} 13. Bxf4 {[%clk 01:06:18]} {[%emt 00:00:40]} Bg7
{[%clk 01:07:58]} {[%emt 00:00:02]} 14. Bg4 {[%clk 01:00:25]} {[%emt 00:06:23]}
Qd7 {[%clk 01:07:04]} {[%emt 00:01:24]} 15. Bxe6 {[%clk 00:58:31]} {[%emt
00:02:24]} Qxe6 {[%clk 01:06:56]} {[%emt 00:00:38]} 16. Qa4 {[%clk 00:55:22]}
{[%emt 00:03:38]} O-O {[%clk 01:06:30]} {[%emt 00:00:57]} 17. b4 {[%clk
00:52:36]} {[%emt 00:03:16]} a6 {[%clk 01:05:18]} {[%emt 00:01:42]} 18. Rb1
{[%clk 00:44:16]} {[%emt 00:08:50]} b5 {[%clk 01:04:00]} {[%emt 00:01:48]} 19.
Qb3 {[%clk 00:40:58]} {[%emt 00:03:48]} Qxb3 {[%clk 01:04:23]} {[%emt
00:00:08]} 20. Rxb3 {[%clk 00:41:15]} {[%emt 00:00:13]} a5 {[%clk 01:04:41]}
{[%emt 00:00:12]} 21. a3 {[%clk 00:40:49]} {[%emt 00:00:56]} axb4 {[%clk
01:03:45]} {[%emt 00:01:26]} 22. axb4 {[%clk 00:40:40]} {[%emt 00:00:39]} Ne5
{[%clk 00:54:11]} {[%emt 00:10:04]} 23. Nf3 {[%clk 00:38:24]} {[%emt 00:02:44]}
N7c6 {[%clk 00:53:40]} {[%emt 00:01:02]} 24. Ne2 {[%clk 00:36:40]} {[%emt
00:02:14]} Nxf3+ {[%clk 00:52:45]} {[%emt 00:01:25]} 25. gxf3 {[%clk 00:36:18]}
{[%emt 00:00:52]} Ra2 {[%clk 00:50:53]} {[%emt 00:02:22]} 26. Ng3 {[%clk
00:29:21]} {[%emt 00:07:27]} Rd8 {[%clk 00:45:01]} {[%emt 00:06:22]} 27. Rc1
{[%clk 00:28:24]} {[%emt 00:01:27]} Ra6 {[%clk 00:43:30]} {[%emt 00:02:01]} 28.
Rc5 {[%clk 00:27:26]} {[%emt 00:01:27]} g5 {[%clk 00:42:21]} {[%emt 00:01:39]}
29. Nf5 {[%clk 00:22:13]} {[%emt 00:05:43]} Bf8 {[%clk 00:42:28]} {[%emt
00:00:24]} 30. Rxb5 {[%clk 00:16:18]} {[%emt 00:06:25]} gxf4 {[%clk 00:42:33]}
{[%emt 00:00:25]} 31. Rb2 {[%clk 00:14:29]} {[%emt 00:02:19]} Ra1+ {[%clk
00:42:00]} {[%emt 00:01:04]} 32. Kg2 {[%clk 00:14:47]} {[%emt 00:00:11]} Ra3
{[%clk 00:39:01]} {[%emt 00:03:29]} 33. Kh3 {[%clk 00:14:26]} {[%emt 00:00:51]}
Rxd3 {[%clk 00:38:16]} {[%emt 00:01:15]} 34. Rg2+ {[%clk 00:14:30]} {[%emt
00:00:25]} Kh7 {[%clk 00:37:08]} {[%emt 00:01:38]} 35. Rb7 {[%clk 00:13:50]}
{[%emt 00:01:11]} Rxf3+ {[%clk 00:36:12]} {[%emt 00:01:27]} 36. Kh4 {[%clk
00:14:15]} {[%emt 00:00:05]} Ne5 {[%clk 00:36:25]} {[%emt 00:00:17]} 37. Rb6
{[%clk 00:13:57]} {[%emt 00:00:47]} d3 {[%clk 00:36:04]} {[%emt 00:00:51]} 38.
Rb5 {[%clk 00:13:24]} {[%emt 00:01:01]} Ng6+ {[%clk 00:36:15]} {[%emt
00:00:20]} 39. Kh5 {[%clk 00:13:45]} {[%emt 00:00:10]} d2 {[%clk 00:36:16]}
{[%emt 00:00:29]} 40. Rb7 {[%clk 00:13:55]} {[%emt 00:00:19]} Rh3+ {[%clk
00:36:35]} {[%emt 00:00:11]} 0-1

[Event "DEM U12 2023"]
[Site "Willingen GER"]
[Date "2023.06.03"]
[Round "9"]
[White "Mandalka, Justus"]
[Black "Albrecht, Neil"]
[Result "0-1"]
[Termination "normal"]
[Board "7"]
[WhiteElo "1560"]
[BlackElo "1690"]
[WhiteClock "00:37:44"]
[BlackClock "00:34:20"]
[PlyCount "86"]
[WhiteFideId "16298144"]
[BlackFideId "34621091"]
[EventCountry "GER"]
[EventRounds "9"]
[EventType "swiss"]
[EventDate "2023.05.27"]

1. e4 {[%clk 01:30:58]} {[%emt 00:00:02]} e5 {[%clk 01:30:35]} {[%emt
00:00:25]} 2. Nf3 {[%clk 01:31:23]} {[%emt 00:00:05]} Nc6 {[%clk 01:30:54]}
{[%emt 00:00:11]} 3. d4 {[%clk 01:31:49]} {[%emt 00:00:04]} exd4 {[%clk
01:31:16]} {[%emt 00:00:08]} 4. Nxd4 {[%clk 01:32:13]} {[%emt 00:00:06]} Nf6
{[%clk 01:31:30]} {[%emt 00:00:16]} 5. Nxc6 {[%clk 01:32:11]} {[%emt 00:00:32]}
bxc6 {[%clk 01:30:02]} {[%emt 00:01:58]} 6. e5 {[%clk 01:32:35]} {[%emt
00:00:05]} Qe7 {[%clk 01:29:44]} {[%emt 00:00:48]} 7. Qe2 {[%clk 01:33:01]}
{[%emt 00:00:05]} Nd5 {[%clk 01:29:52]} {[%emt 00:00:22]} 8. c4 {[%clk
01:32:53]} {[%emt 00:00:39]} Nb6 {[%clk 01:29:01]} {[%emt 00:01:20]} 9. b3
{[%clk 01:32:07]} {[%emt 00:01:16]} Bb7 {[%clk 01:27:02]} {[%emt 00:02:28]} 10.
Bb2 {[%clk 01:31:17]} {[%emt 00:01:21]} O-O-O {[%clk 01:25:52]} {[%emt
00:01:39]} 11. Nd2 {[%clk 01:29:41]} {[%emt 00:02:06]} c5 {[%clk 01:24:49]}
{[%emt 00:01:32]} 12. O-O-O {[%clk 01:28:49]} {[%emt 00:01:24]} g6 {[%clk
01:21:46]} {[%emt 00:03:33]} 13. a4 {[%clk 01:20:00]} {[%emt 00:09:19]} Kb8
{[%clk 01:08:51]} {[%emt 00:13:26]} 14. h4 {[%clk 01:18:38]} {[%emt 00:01:52]}
Bg7 {[%clk 01:06:15]} {[%emt 00:03:06]} 15. h5 {[%clk 01:17:38]} {[%emt
00:01:29]} Rhe8 {[%clk 00:57:34]} {[%emt 00:09:10]} 16. hxg6 {[%clk 01:10:44]}
{[%emt 00:07:26]} hxg6 {[%clk 00:57:47]} {[%emt 00:00:16]} 17. Re1 {[%clk
01:10:30]} {[%emt 00:00:44]} d6 {[%clk 00:51:16]} {[%emt 00:07:01]} 18. exd6
{[%clk 01:09:14]} {[%emt 00:01:46]} Bxb2+ {[%clk 00:51:09]} {[%emt 00:00:38]}
19. Kc2 {[%clk 01:06:30]} {[%emt 00:03:13]} Qxe2 {[%clk 00:50:52]} {[%emt
00:00:46]} 20. dxc7+ {[%clk 01:06:01]} {[%emt 00:01:00]} Kxc7 {[%clk 00:51:14]}
{[%emt 00:00:09]} 21. Bxe2 {[%clk 01:06:04]} {[%emt 00:00:26]} Bf6 {[%clk
00:50:20]} {[%emt 00:01:24]} 22. Bf3 {[%clk 00:50:09]} {[%emt 00:16:24]} Rxe1
{[%clk 00:49:27]} {[%emt 00:01:24]} 23. Rxe1 {[%clk 00:50:34]} {[%emt
00:00:05]} Bg5 {[%clk 00:48:48]} {[%emt 00:01:09]} 24. Nb1 {[%clk 00:43:54]}
{[%emt 00:07:09]} Bxf3 {[%clk 00:47:33]} {[%emt 00:01:45]} 25. gxf3 {[%clk
00:44:21]} {[%emt 00:00:04]} Bf6 {[%clk 00:46:38]} {[%emt 00:01:25]} 26. Nc3
{[%clk 00:42:04]} {[%emt 00:02:46]} Bxc3 {[%clk 00:46:57]} {[%emt 00:00:12]}
27. Kxc3 {[%clk 00:42:30]} {[%emt 00:00:04]} a5 {[%clk 00:46:54]} {[%emt
00:00:33]} 28. Re7+ {[%clk 00:41:36]} {[%emt 00:01:24]} Rd7 {[%clk 00:47:13]}
{[%emt 00:00:11]} 29. Re8 {[%clk 00:41:21]} {[%emt 00:00:45]} Nc8 {[%clk
00:47:06]} {[%emt 00:00:37]} 30. Re5 {[%clk 00:40:36]} {[%emt 00:01:15]} Kb6
{[%clk 00:43:17]} {[%emt 00:04:16]} 31. Re8 {[%clk 00:40:35]} {[%emt 00:00:34]}
Nd6 {[%clk 00:40:37]} {[%emt 00:03:10]} 32. Rb8+ {[%clk 00:40:50]} {[%emt
00:00:15]} Rb7 {[%clk 00:40:13]} {[%emt 00:00:52]} 33. Rf8 {[%clk 00:38:43]}
{[%emt 00:02:38]} Nf5 {[%clk 00:38:52]} {[%emt 00:01:51]} 34. f4 {[%clk
00:38:46]} {[%emt 00:00:27]} Nd4 {[%clk 00:37:29]} {[%emt 00:01:51]} 35. Rc8
{[%clk 00:37:26]} {[%emt 00:01:53]} Ne2+ {[%clk 00:35:22]} {[%emt 00:02:37]}
36. Kd3 {[%clk 00:36:33]} {[%emt 00:01:23]} Nxf4+ {[%clk 00:35:20]} {[%emt
00:00:31]} 37. Ke3 {[%clk 00:36:10]} {[%emt 00:00:53]} Ne6 {[%clk 00:35:37]}
{[%emt 00:00:14]} 38. Kd3 {[%clk 00:36:36]} {[%emt 00:00:04]} Rd7+ {[%clk
00:35:07]} {[%emt 00:01:00]} 39. Kc3 {[%clk 00:36:52]} {[%emt 00:00:13]} Kb7
{[%clk 00:35:05]} {[%emt 00:00:32]} 40. Re8 {[%clk 00:37:12]} {[%emt 00:00:10]}
g5 {[%clk 00:33:13]} {[%emt 00:02:23]} 41. Rg8 {[%clk 00:37:23]} {[%emt
00:00:18]} Rd8 {[%clk 00:33:29]} {[%emt 00:00:15]} 42. Rxd8 {[%clk 00:37:33]}
{[%emt 00:00:21]} Nxd8 {[%clk 00:33:58]} 43. Kd3 {[%clk 00:37:44]} {[%emt
00:00:18]} f5 {[%clk 00:34:20]} {[%emt 00:00:09]} 0-1